00341 a2200109 4500022001100000082001100011245008400022260004200106300001900148500002400167650004000191 a99158X a297.63 aPeghambar-e-Akhir-uz-Zaman Hazrat Muhammad (SAW) ki SakhsiatcAbdul Waheed Khan aSaudiabIntl. Publication Housec2012 a104 p.c22 cm. aIncludes references a1. Muhammad Prophet d-632 Biography